Harry Potter Ultimate Trivia Book #1 - Statistics

General Stats
  • This quiz has been taken 39 times
  • The average score is 30 of 50
Answer Stats
Hint Answer % Correct
Who delivers baby Harry to the Dursley's using a flying motorbike Rubeus Hagrid
91%
What animals enclosure does Dudley fall into at the Zoo A Snake
85%
What is the title of Chapter 1 "The Boy Who Lived"
85%
Who is the original owner of the motorbike Sirius Black
82%
Who arrives at the door of the hut-on-the-rock, in the sea Rubeus Hagrid
79%
What does Piers Polkiss claim Harry was doing with the snake Talking To It
79%
What is the wizarding bank called Gringotts
76%
Which Hogwarts professor does Harry meet in The Leaky Cauldron Quirinus Quirrell
76%
What creatures run the wizarding bank Goblins
73%
What does the stranger give to Harry for his birthday A Cake
70%
What creature does Hagrid obtain at the Hog's Head A Dragon
67%
Who is on the Chocolate Frog Card Harry recieves Albus Dumbledore
67%
Who does the trio contact in order to get rid of Hagrids creature Charlie Weasley
67%
What does Harry see in the Mirror of Erised His Family
67%
What are the first four words of book #1 Mr. and Mrs. Dursley
67%
Who runs into the Great Hall on Halloween yelling "Troll!" Quirinus Quirrell
67%
Who does Harry meet in the final room Quirinus Quirrell or Voldemort
67%
Who sits with Harry on the train to Hogwarts Ron Weasley
67%
What does Harry use to obtain the flying key A Broomstick
64%
What does Uncle Vernon threaten the stranger with A Shotgun
64%
What animal is Hagrid trying to find in the Forbidden Forest A Unicorn
64%
What is the name of the firm Mr. Dursley Directs Grunnings
64%
Who wins the House Cup at the end of the school year Gryffindor
64%
Who is trapped in the restroom with the troll Hermione Granger
64%
Who is the herbology professor at Hogwarts Pomona Sprout
64%
What is anonymously left for Harry on Christmas Morning The Invisibility Cloak
64%
What animal did Neville Longbottom lose on the train A Frog
61%
What is the stranger described as being Large
61%
Who does Draco Malfoy take the Remembrall from Neville Longbottom
61%
What broomstick does Harry recieves as a gift for Quidditch Nimbus 2000
61%
What does music do to Fluffy Put him to sleep
61%
Which chess piece does Harry choose to play as A Bishop
58%
How many points total does Gryffindor gain from the trio defeating the troll Five Points (-5 from Hermione, and +5 each for Ron and Harry)
58%
Who leads the first years into the Great Hall Minerva McGonagall
58%
Who does Harry learn is the only known maker of the Sorcerer's Stone Nicholas Flamel
55%
How do the first-years travel to the castle Boats
52%
What plant does the trio encounter at the bottom of the trap door Devil's Snare
52%
What is the name of the centaur that Harry rides in the Forbidden Forest Firenze
52%
What does Harry accidentally leave at the top of the Astronomy Tower The Invisibility Cloak
52%
What magical artifact is the Sorcerers Stone contained within The Mirror of Erised
52%
Where is platform 9 3/4 Kings Cross Station
48%
How many potions are in Snape's potion challenge Seven
48%
What does Dumbledore CLAIM he sees when he looks into the mirror Thick Woolen Socks
48%
Where does Professor Snape say you should look to find a Bezoar The Stomach of a Goat
39%
What does Ron claim he was bitten by after being bitten by Norbert A Dog
33%
What does Harry buy from the trolley on the train Sweets
33%
What does Harry say Dudley traded for real live Air Rifle A Parrot
30%
What age does Nicholas Flamel live to 665
27%
What is one of the four words Dumbledores says before the start of the feast Nitwit, Blubber, Oddment, Tweak
27%
Where is Harry supposed to meet Malfoy for The Midnight Duel The Trophy Room
21%
No matching quizzes found
Score Distribution
Percent of People with Each Score
Percentile by Number Answered
Your Score History
You have not taken this quiz